[Event "Sverdlovsk"]
[Site "Sverdlovsk"]
[Date "1989.??.??"]
[Round "?"]
[White "Lisenko, Alexander V"]
[Black "Dautov, Rustem"]
[Result "1/2-1/2"]
[WhiteElo "2355"]
[BlackElo "2535"]

1.c4 f5 2.Nf3 Nf6 3.g3 g6 4.Bg2 Bg7 5.O-O O-O 6.d4 d6 7.Nc3 Nc6 8.d5 Ne5
9.Nxe5 dxe5 10.e4 f4 11.gxf4 Nh5 12.fxe5 Bxe5 13.Ne2 Qd6 14.f4 Nxf4 15.Nxf4 Bxf4
16.Bxf4 Rxf4 17.Rxf4 Qxf4 18.Qd4 Bg4 19.Rf1 Qg5 20.Kh1 Be2 21.Re1 Qh5 22.c5 Bf3
23.Rf1  1/2-1/2

[Event "Szekszard op"]
[Site "Szekszard"]
[Date "1989.??.??"]
[Round "5"]
[White "Butnorius, Algimantas"]
[Black "Videki, Sandor"]
[Result "1-0"]
[WhiteElo "2410"]
[BlackElo "2410"]

1.d4 f5 2.Nf3 Nf6 3.g3 g6 4.Bg2 Bg7 5.c4 O-O 6.O-O d6 7.Nc3 Qe8 8.b3 e5 9.dxe5 dxe5
10.e4 Nc6 11.Nd5 Qd7 12.exf5 e4 13.Ng5 gxf5 14.Nf4 Qe7 15.Bb2 Rd8 16.Qe1 Nd4
17.Rd1 c5 18.Nf3 Nxf3+ 19.Bxf3 Bd7 20.Bg2 Bc6 21.Qe2 Ne8 22.Bxg7 Nxg7 23.Rxd8+ Rxd8
24.Rd1 Rd4 25.Re1 Qd6 26.Qe3 a5 27.a4 Rd2 28.Re2 Rd1+ 29.Re1 Rd2 30.Re2 Rd4
31.Re1 b6 32.Bf1 Qf6 33.Be2 Kf8 34.Bf1 Rd6 35.Be2 Rd4 36.h4 Ke7 37.Kh2 Kd7
38.Kg1  1-0

[Event "Toronto"]
[Site "Toronto"]
[Date "1989.??.??"]
[Round "5"]
[White "Dlugy, Maxim"]
[Black "Kovacevic, Vlatko"]
[Result "1/2-1/2"]
[WhiteElo "2570"]
[BlackElo "2545"]

1.d4 f5 2.Nf3 Nf6 3.g3 g6 4.Bg2 Bg7 5.O-O O-O 6.c4 d6 7.Nc3 c6 8.d5 e5 9.dxe6 Bxe6
10.b3 Na6 11.Ng5 Qe7 12.Ba3 Rad8 13.Qc2 Ng4 14.Nxe6 Qxe6 15.Bb2 Nc5 16.Rad1 a5
17.e3 Rfe8 18.h3 Nf6 19.Ne2 Nfe4 20.Bxg7 Kxg7 21.a3 Qf6 22.b4 axb4 23.axb4 Nd7
24.Ra1 Nb6 25.Ra7  1/2-1/2

[Event "Uzes op"]
[Site "Uzes"]
[Date "1989.??.??"]
[Round "3"]
[White "Bourquin, Pascal"]
[Black "Santo Roman, Marc"]
[Result "0-1"]
[WhiteElo "2070"]
[BlackElo "2375"]

1.d4 f5 2.c4 Nf6 3.g3 g6 4.Bg2 Bg7 5.Nf3 O-O 6.O-O d6 7.Nc3 Qe8 8.b3 e5 9.dxe5 dxe5
10.e4 Nc6 11.Re1 h6 12.Bb2 f4 13.Nd5 Rf7 14.gxf4 Bg4 15.Qc2 Nh5 16.Nxe5 Nxe5
17.fxe5 Bxe5 18.Bxe5 Qxe5 19.Qc3 Qg5 20.Qe3 Qh4 21.f3 Bh3 22.Qf2 Qg5 23.Kh1 Be6
24.Rad1 c6 25.Nc3 a6 26.Ne2 Re8 27.Rg1 Qe7 28.Qe3 Kh7 29.Rgf1 Bc8 30.Rd3 Qh4
31.Qf2 Qxf2 32.Rxf2 Rxe4 33.fxe4 Rxf2 34.Nc3 Rxg2 35.Rd8 Bh3 36.Na4 Rxa2
37.Kg1 Nf6 38.Rd3 Ra1+ 39.Kf2 Nxe4+ 40.Ke3 Bf5 41.Nb6 Re1+  0-1

[Event "Uzes op"]
[Site "Uzes"]
[Date "1989.??.??"]
[Round "6"]
[White "Bacis, Jean Franc"]
[Black "Baldy, Philippe"]
[Result "1/2-1/2"]
[WhiteElo "2150"]
[BlackElo "2275"]

1.d4 f5 2.g3 g6 3.Bg2 Bg7 4.Nf3 Nf6 5.O-O O-O 6.c4 d6 7.Nc3 c6 8.b3 Qa5 9.Bd2 Qc7
10.Qc2 e5 11.dxe5 dxe5 12.e4 f4 13.gxf4 exf4 14.Rad1 Bg4 15.Ne2 g5 16.Nfd4 c5
17.Nb5 Qe7 18.f3 a6 19.Nbc3 Be6 20.Nd5 Qf7 21.Bc3 Nc6 22.Nc1 Rac8 23.Ne2 Nd7
24.Kh1 Nde5 25.Rf2 Qh5 26.Ng1 Kh8 27.Qb2 Rf7 28.Rfd2 g4 29.Rf1 g3 30.h3 Qh4
31.Rfd1 Nd4 32.Rxd4 cxd4 33.Bxd4 Nc6 34.Bxg7+ Rxg7 35.Nf6 Rf8 36.Ng4 Bxg4
37.fxg4 Kg8 38.e5 Qe7 39.Bd5+ Kh8 40.Nf3 Re8 41.Bxc6 bxc6 42.Kg2 Kg8 43.Qd4 Rf7  1/2-1/2

[Event "Vrnjacka Banja"]
[Site "Vrnjacka Banja"]
[Date "1989.??.??"]
[Round "?"]
[White "Vuruna, Miodrag"]
[Black "Kontic, Djordje"]
[Result "0-1"]
[WhiteElo "2310"]
[BlackElo "2385"]

1.d4 f5 2.g3 Nf6 3.Bg2 g6 4.Nf3 Bg7 5.O-O O-O 6.c4 d6 7.Nc3 Nc6 8.b3 e5 9.dxe5 dxe5
10.Ba3 Re8 11.Rc1 e4 12.Ne1 Be6 13.Nc2 Ng4 14.Na4 Qg5 15.e3 Rad8 16.Qe2 Nge5
17.Rcd1 b6 18.Rxd8 Rxd8 19.Rd1 Nd3 20.f3 exf3 21.Bxf3 Nde5 22.Bd5 Bxd5 23.cxd5 Qg4
24.Qxg4 Nxg4 25.h3 Nf6 26.Nc3 Ne5 27.Be7 Rd7 28.Bxf6 Bxf6 29.Nd4 Nf7 30.Kf2 a6
31.a4 Ng5 32.h4 Nf7 33.Kf3 Ne5+ 34.Kf4 Ng4 35.e4 Be5+ 36.Kf3 Nh2+ 37.Ke2 fxe4
38.Ke3 Bxg3 39.Kxe4 Bxh4 40.Rh1 Bg3 41.Nce2 Bd6 42.Rg1 Rf7 43.Ne6 Nf3 44.Rd1 Rf5
45.N2f4 Ng5+ 46.Ke3 Nxe6 47.Nxe6 c6 48.dxc6 Re5+ 49.Kd4 Rxe6 50.Kd5 Rf6 51.b4 Bc7
52.Rc1 Kf7 53.Ke4 Rf4+  0-1

[Event "Werfen op"]
[Site "Werfen"]
[Date "1989.??.??"]
[Round "2"]
[White "Shneider, Aleksandr"]
[Black "Niedermayr, Horst"]
[Result "1-0"]
[WhiteElo "2465"]
[BlackElo "2235"]

1.d4 f5 2.Nf3 Nf6 3.g3 g6 4.Bg2 Bg7 5.O-O O-O 6.c4 d6 7.Nc3 Nc6 8.d5 Ne5
9.Nxe5 dxe5 10.e4 f4 11.b3 g5 12.Ba3 a6 13.Na4 Qe8 14.Nc5 Qg6 15.Nd3 Nxe4
16.Bb2 f3 17.Bxf3 Rxf3 18.Qxf3 Nd2 19.Qe3 Nxf1 20.Rxf1 e4 21.Bxg7 exd3 22.Bc3 Bh3
23.Re1 Re8 24.Qe5 h6 25.Re3 e6 26.Rf3 Kh7 27.Qxc7+ Kg8 28.Qe5 Kh7 29.Re3 Qf7
30.f3 Bf5 31.g4 Bg6 32.dxe6 Qe7 33.h4 gxh4 34.f4 d2 35.Bxd2 Qd8 36.Qd5 Bb1
37.Qd7+ Kg8 38.Qf7+  1-0

[Event "JUG-chT"]
[Site "Zlatibor"]
[Date "1989.??.??"]
[Round "?"]
[White "Anic, Darko"]
[Black "Orlov, Pavle"]
[Result "1-0"]
[WhiteElo "2370"]
[BlackElo "2385"]

1.d4 f5 2.Nf3 Nf6 3.g3 g6 4.Bg2 Bg7 5.O-O O-O 6.c4 d6 7.d5 c6 8.Nc3 Bd7 9.Nd4 c5
10.Nc2 Na6 11.Rb1 Nc7 12.b4 Ng4 13.Bd2 cxb4 14.Rxb4 Qc8 15.Qb1 b6 16.Nb5 Na6
17.Ra4 Qb7 18.Rc1 Nc5 19.Ra3 Rfc8 20.h3 Nf6 21.Nb4 Nfe4 22.Be3 Be8 23.g4 Bd7
24.f3 Nf6 25.Nd4 fxg4 26.fxg4 Rf8 27.Nbc6 Rf7 28.Rf1 a6 29.Ne6 Qc8 30.Ng5 Bxc6
31.dxc6 Rf8 32.Qxb6 Ne6 33.Qb7 Nxg5 34.Bxg5  1-0

[Event "JUG-chT"]
[Site "Zlatibor"]
[Date "1989.??.??"]
[Round "?"]
[White "Panzalovic, Srdjan"]
[Black "Kontic, Vladimir"]
[Result "0-1"]
[WhiteElo "2325"]
[BlackElo "2395"]

1.Nf3 f5 2.g3 Nf6 3.Bg2 g6 4.O-O Bg7 5.d4 O-O 6.c4 d6 7.Nc3 Nc6 8.d5 Na5
9.Qd3 c5 10.b3 a6 11.Bb2 Rb8 12.Rab1 Bd7 13.Ba1 b5 14.h3 Qe8 15.Nd2 g5 16.e3 Qh5
17.f4 Qg6 18.Ne2 Nh5 19.Bc3 Bxc3 20.Qxc3 b4 21.Qd3 Rf7 22.Kh2 Rg7 23.Rg1 Qh6
24.fxg5 Rxg5 25.Bf3 Nf6 26.Nf4 Nb7 27.e4 Nd8 28.Rbe1 Nf7 29.exf5 Ne5 30.Rxe5 dxe5
31.Ne6 Bxe6 32.dxe6 Ng4+ 33.Bxg4 Rxg4 34.Ne4 Kh8 35.Qf3 Rgg8 36.g4 Rbd8 37.g5 Qh4
38.f6  0-1

[Event "Zuerich op"]
[Site "Zuerich"]
[Date "1989.??.??"]
[Round "?"]
[White "Reimer, Eva"]
[Black "Bianco, Valerio"]
[Result "1-0"]
[WhiteElo "2090"]
[BlackElo "2280"]

1.d4 f5 2.Nf3 Nf6 3.g3 g6 4.Bg2 Bg7 5.O-O O-O 6.c4 d6 7.Nc3 Qe8 8.Re1 Qf7
9.d5 c6 10.Ng5 Qe8 11.e4 h6 12.Nf3 fxe4 13.Nxe4 Nxe4 14.Rxe4 cxd5 15.Qxd5+ Qf7
16.Rxe7 Qxd5 17.cxd5 Na6 18.a3 Nc5 19.Bf4 Bxb2 20.Rb1 Bxa3 21.Bxh6 Rxf3 22.Bxf3 Bf5
23.Ra1 Bb2 24.Ra2 Bf6 25.Rc7 a6 26.g4 Bd3 27.Be3 Bd8 28.Rxc5 dxc5 29.Bxc5 Rc8
30.Be3 a5 31.Ra3 Bc2 32.d6 b5 33.Bd5+ Kh7 34.Bd4 g5 35.Rh3+ Kg6 36.Rh8 Bd3
37.d7 Rc1+ 38.Kg2 Bf1+ 39.Kf3 Be7 40.Rg8+ Kh6  1-0

[Event "Klee mem"]
[Site "Zuerich"]
[Date "1989.??.??"]
[Round "13"]
[White "Ilic, Zoran"]
[Black "Kaenel, Hansjuerg"]
[Result "1-0"]
[WhiteElo "2380"]
[BlackElo "2365"]

1.d4 f5 2.Nf3 Nf6 3.g3 g6 4.Bg2 Bg7 5.c4 O-O 6.O-O d6 7.Nc3 Nc6 8.d5 Na5
9.Nd2 c5 10.Qc2 Bd7 11.b3 a6 12.Bb2 b5 13.Rab1 Rb8 14.e3 Qc7 15.Ne2 Rb7 16.Bc3 Rfb8
17.Nf4 Ne8 18.Bxg7 Nxg7 19.Nd3 bxc4 20.bxc4 Rxb1 21.Rxb1 Rxb1+ 22.Qxb1 Qb7
23.Qc2 Qb6 24.h4 Nb7 25.Bf3 Nd8 26.Qc3 Be8 27.Kg2 Bf7 28.a3 Nb7 29.Nf4 Nd8
30.Bd1 Be8 31.Bc2 Bd7 32.Nf3 Nf7 33.e4 Qc7 34.exf5 gxf5 35.Qe3 Kf8 36.h5 Qc8
37.h6 Nxh6 38.Ng5 Ng4 39.Qe1 Ne5 40.Nxh7+ Kg8 41.Qh1 Nf7 42.Ng6 Qe8 43.Qh4 Ng5
44.Qxg5 Kxh7 45.Nxe7 Qf7 46.Qh4+  1-0

[Event "FRA-ch"]
[Site "Angers"]
[Date "1990.??.??"]
[Round "8"]
[White "Bernard, Christophe"]
[Black "Santo Roman, Marc"]
[Result "1/2-1/2"]
[WhiteElo "2335"]
[BlackElo "2435"]

1.d4 f5 2.g3 Nf6 3.Bg2 g6 4.Nf3 Bg7 5.O-O O-O 6.c4 d6 7.Nc3 Qe8 8.b3 h6 9.Qc2 e5
10.dxe5 dxe5 11.Ba3 Rf7 12.Nh4 Kh7 13.e4 Nc6 14.exf5 g5 15.Nf3 Kh8 16.Rae1 Ng4
17.h3 Bxf5 18.Qe2 Nf6 19.Nxe5 Nxe5 20.Qxe5 Qxe5 21.Rxe5 Nd7 22.Re3 Bd4  1/2-1/2

[Event "Baden-Baden op"]
[Site "Baden-Baden"]
[Date "1990.??.??"]
[Round "7"]
[White "Biebinger, Gerhard"]
[Black "Blagojevic, Dragisa"]
[Result "1-0"]
[WhiteElo "2290"]
[BlackElo "2410"]

1.d4 f5 2.g3 Nf6 3.Bg2 g6 4.Nf3 Bg7 5.O-O O-O 6.c4 c6 7.Nc3 d6 8.b3 Na6 9.Bb2 Qe8
10.d5 Bd7 11.Nd4 Nc7 12.dxc6 bxc6 13.e3 Rb8 14.Qc2 e5 15.Nf3 Qe7 16.c5 e4
17.cxd6 Qxd6 18.Nd2 c5 19.Rfd1 Qe7 20.Bf1 Kh8 21.Rac1 Ne6 22.Ba3 f4 23.Ncxe4 fxe3
24.fxe3 Ng4 25.Re1 Bc6 26.Bg2 Qb7 27.Bb2 Rbd8 28.Bxg7+ Qxg7 29.Qc3 Ne5 30.Rf1 Rxf1+
31.Rxf1 Rd3 32.Qc1 Qh6 33.Re1 Ng4 34.Nf1 Qf8 35.Qc2 Ne5 36.Qe2 Qf5 37.Nfd2 h5
38.Rf1 Qg4 39.Qf2 Kh7 40.Qf6  1-0

[Event "Bahrain"]
[Site "Bahrain"]
[Date "1990.??.??"]
[Round "7"]
[White "Bouaziz, Slim"]
[Black "Abou el Zein, Eid Mahmoud"]
[Result "1-0"]
[WhiteElo "2355"]
[BlackElo "2330"]

1.d4 g6 2.c4 f5 3.g3 Bg7 4.Nf3 Nf6 5.Bg2 O-O 6.O-O d6 7.Nc3 c6 8.b3 Na6 9.Bb2 Nc7
10.Re1 h6 11.Qc2 g5 12.e4 fxe4 13.Nxe4 Bf5 14.Nxf6+ Bxf6 15.Qe2 Rf7 16.d5 Bxb2
17.Qxb2 c5 18.h4 g4 19.Nd2 Qd7 20.Re3 Raf8 21.Rae1 Kh7 22.Be4 Bxe4 23.Rxe4 Qf5
24.R1e2 Kg8 25.Qb1 e5 26.dxe6 Re7 27.Qe1 Rfe8 28.Rf4 Qg6 29.h5 Qg7 30.Ne4 Rxe6
31.Nf6+ Rxf6 32.Rxe8+ Nxe8 33.Qxe8+ Kh7 34.Qe4+ Kh8 35.Rxg4 Qf7 36.Rg6 Rxg6
37.hxg6 Qd7 38.f4 Kg7 39.f5 Kf6 40.Kg2 a6 41.a4 b6 42.Kf3 b5 43.cxb5 axb5
44.axb5 Qxb5 45.Qe6+ Kg5 46.Ke4 Qb7+ 47.Qd5 Qb4+ 48.Kd3 Qb5+ 49.Kc2 Qa6 50.g7 Qa2+
51.Kd3 c4+ 52.Kxc4 Qa6+ 53.Kc3 Qa1+ 54.Kb4 Qxg7 55.f6+ Kxf6 56.Qd4+ Kf7 57.Qxg7+ Kxg7
58.Kc4 Kf7 59.Kd5 Ke7  1-0

[Event "Bela Crkva op"]
[Site "Bela Crkva"]
[Date "1990.??.??"]
[Round "8"]
[White "Cvitan, Ognjen"]
[Black "Raud, Rainer"]
[Result "1/2-1/2"]
[WhiteElo "2525"]
[BlackElo "2375"]

1.Nf3 f5 2.g3 Nf6 3.Bg2 g6 4.d4 Bg7 5.O-O O-O 6.c4 d6 7.Nc3 Nc6 8.d5 Ne5
9.Nxe5 dxe5 10.b3 e4 11.Qc2 e6 12.Rd1 exd5 13.cxd5 Ne8 14.Ba3 Rf7 15.Rac1 Bd7
16.e3 Be5 17.Ne2 Nd6 18.Nf4 Qf6 19.Bf1 Nb5 20.Bb4 a5 21.Be1 Na3 22.Qd2 b5
23.Ne6 Bxe6 24.dxe6 Qxe6 25.Qd5 Qxd5 26.Rxd5 Bd6 27.Bxb5 Nxb5 28.Rxb5 a4
29.bxa4 Rxa4 30.Ra5 Rxa5 31.Bxa5 Rf8 32.Rc6  1/2-1/2

[Event "Belgorod"]
[Site "Belgorod"]
[Date "1990.??.??"]
[Round "?"]
[White "Mohr, Georg"]
[Black "Vasiukov, Evgeni"]
[Result "1/2-1/2"]
[WhiteElo "2450"]
[BlackElo "2545"]

1.c4 f5 2.d4 Nf6 3.Nf3 g6 4.g3 Bg7 5.Bg2 O-O 6.O-O d6 7.Nc3 Na6 8.b3 c6 9.Bb2 Qe8
10.d5 Bd7 11.Rb1 h6 12.Ne1 Rc8 13.Nd3 Nc7 14.Qd2 Qf7 15.e4 Nxe4 16.Nxe4 fxe4
17.Bxe4 cxd5 18.cxd5 Bf5 19.Bxf5 Qxf5 20.Bxg7 Kxg7 21.Nf4 g5 22.Ne6+ Nxe6
23.dxe6 b6 24.Qe3 Rf6 25.Rbc1 Rxc1 26.Rxc1 Rxe6 27.Qd4+ Qe5 28.Qxe5+ Rxe5
29.Rc7 a5 30.Rb7 b5 31.f4 gxf4 32.gxf4 Re2 33.a3 b4 34.axb4 axb4 35.Rxb4 Kf6
36.Rc4 Kf5 37.b4 d5 38.Rd4 e6 39.h3 h5 40.Kf1 Rh2 41.Rd3 Kxf4 42.Rb3 Ra2
43.b5 Ra7 44.b6 Rb7 45.Kf2 Ke4 46.Re3+ Kf5 47.Rb3 e5 48.Kg3 e4 49.Rb1 Ke5
50.Rb2 h4+ 51.Kg4 e3 52.Kf3 d4 53.Ke2 Ke4 54.Rb4  1/2-1/2

[Event "Biel op"]
[Site "Biel"]
[Date "1990.??.??"]
[Round "7"]
[White "Panzalovic, Srdjan"]
[Black "Fejzullahu, Afrim"]
[Result "1-0"]
[WhiteElo "2335"]
[BlackElo "2280"]

1.Nf3 f5 2.g3 g6 3.Bg2 Bg7 4.d4 Nf6 5.O-O O-O 6.c4 d6 7.Nc3 Qe8 8.d5 Na6
9.Nd4 Nc5 10.b4 Nfe4 11.Nxe4 Nxe4 12.Bb2 c5 13.dxc6 bxc6 14.Rb1 Rb8 15.a3 d5
16.cxd5 cxd5 17.Nf3 Bxb2 18.Rxb2 e6 19.Rc2 Ba6 20.Qd4 Qe7 21.Ne5 Rbc8 22.Rfc1 Qg7
23.Rxc8 Rxc8 24.Rxc8+ Bxc8 25.Bxe4 fxe4 26.Qc3 Ba6 27.b5 Bxb5 28.Qc8+ Qf8
29.Qxe6+ Kh8 30.Qxd5 e3 31.f4 Bxe2 32.Qd4 Kg8 33.Qxe3 Bb5 34.Qb3+  1-0

[Event "CSR-ch"]
[Site "Brno"]
[Date "1990.??.??"]
[Round "14"]
[White "Firt, Stanislav"]
[Black "Salai, Ladislav"]
[Result "1/2-1/2"]
[WhiteElo "2355"]
[BlackElo "2395"]

1.d4 f5 2.g3 Nf6 3.Bg2 g6 4.Nf3 Bg7 5.O-O O-O 6.c4 d6 7.Nc3 Qe8 8.b3 a5 9.Bb2 Na6
10.d5 Bd7 11.Nd4 Nc5 12.a3 c6 13.b4 Nce4 14.Qd3 Qf7 15.Nb3 axb4 16.axb4 cxd5
17.cxd5 Nxd5 18.Rxa8 Rxa8 19.Nxd5 Bxb2 20.Na5 Bc6 21.Nxe7+ Qxe7 22.Qb3+ Qf7
23.Qxb2 Bb5 24.f3 Nf6 25.Nxb7 Ra2 26.Qd4 Qxb7 27.Qxf6 Qb6+ 28.Kh1 Rxe2 29.Rg1 Qf2
30.Qc3 d5 31.f4 d4 32.Qc8+ Be8 33.h4 Kg7 34.Qc7+ Bf7 35.b5 Rc2 36.Qd7 Rb2
37.h5 Qe2 38.Qxd4+ Kh6 39.Qd1 Qxh5+ 40.Qxh5+ Kxh5 41.Bf3+ Kh6 42.Bc6 Bc4
43.Re1 Bxb5 44.Bxb5 Rxb5 45.Kg2 Rb7 46.Kf3 Kg7  1/2-1/2

[Event "Brocco op"]
[Site "Brocco"]
[Date "1990.??.??"]
[Round "2"]
[White "Schwartzman, Gabriel"]
[Black "Vaisser, Anatoli"]
[Result "0-1"]
[WhiteElo "2285"]
[BlackElo "2530"]

1.c4 f5 2.Nf3 Nf6 3.g3 g6 4.Bg2 Bg7 5.O-O O-O 6.d4 d6 7.b3 e5 8.dxe5 dxe5
9.Ba3 Qxd1 10.Rxd1 Re8 11.Nc3 e4 12.Nd4 c6 13.e3 Nbd7 14.Rd2 Ne5 15.Rad1 Bd7
16.Na4 Rad8 17.Nc2 Nf7 18.Bc5 b6 19.Ba3 c5 20.Nc3 Bc6 21.Rxd8 Rxd8 22.Rxd8+ Nxd8
23.b4 Nd7 24.Bb2 Ne5 25.b5 Bd7 26.Bf1 Be6 27.Na3 Ndf7 28.Nd1 g5 29.Be2 Nd6
30.Bxe5 Bxe5 31.Kf1 f4 32.Ke1 h5 33.exf4 gxf4 34.Kd2 e3+ 35.fxe3 fxg3 36.hxg3 Ne4+
37.Kc1 Nxg3 38.Bf3 Kg7 39.Nf2 h4 40.Bg2 Kg6 41.Kc2 Nf5 42.Kd3 Nd6 43.Bd5 Bf5+
44.e4 Bc8 45.Nc2 h3 46.Ke3 Ne8 47.Kf3 Kg5 48.Ne3 Nf6 49.Bf7 Bd4 50.Ned1 Ng4
51.Bd5 Kh4 52.Nd3 Ne5+ 53.Nxe5 Bxe5 54.Nf2 h2 55.Kg2 Bg3 56.Nh1 Bh3+ 57.Kf3 Be5
58.Nf2 Bf1 59.Be6 Bd4 60.Nh1 Bd3 61.Bd5 Bf1 62.Be6 Kg5 63.Kg3 Kf6 64.Bd5 Be5+
65.Kf2 Bh3 66.Kf3 Kg5 67.Nf2 Bg4+ 68.Kg2 Be2 69.Nh3+ Kf6 70.Nf2 Bf4 71.Nh1 Ke5
72.Kf2 Bh5 73.Kg2 Kd4 74.Kf2 Be5 75.Be6 Bg6 76.Bd5 Bxe4 77.Bxe4 Kxe4 78.Ke2 Kd4
79.Kf3 Kxc4 80.Ke4 Bd4 81.Ng3 Kxb5 82.Kd3 Bf2 83.Nh1 Bh4  0-1

[Event "Budapest Herbstlich"]
[Site "Budapest"]
[Date "1990.??.??"]
[Round "3"]
[White "Fominyh, Alexander"]
[Black "Knezevic, Milorad"]
[Result "1/2-1/2"]
[WhiteElo "2530"]
[BlackElo "2445"]

1.d4 f5 2.g3 Nf6 3.Bg2 g6 4.Nf3 Bg7 5.O-O O-O 6.c4 d6 7.Nc3 Nc6 8.d5 Na5
9.Qd3 e5 10.dxe6 Bxe6 11.b3 Nc6 12.Bb2 Ne4 13.Rac1 Nb4 14.Qb1 Nxc3 15.Bxc3 Bxc3
16.Rxc3 Qf6 17.Rcc1 f4 18.a3 Nc6 19.b4 Rad8 20.Qc2 b6 21.Qc3 Ne5 22.Nxe5 Qxe5
23.Bd5 Bf7 24.Rfd1 Rde8 25.Qxe5 Rxe5 26.Rd2 Rfe8 27.Kf1 g5 28.Rc3 Kg7 29.gxf4 gxf4
30.Rd4 Bg6 31.Rxf4 Rxe2 32.Rg3 Re1+ 33.Kg2 Rf8 34.Rgf3 Rxf4 35.Rxf4 Ra1 36.Rf3 Rd1
37.Re3 Kf8 38.b5 Rd3 39.Rxd3 Bxd3 40.Kf3 h6 41.Ke3 Bf5 42.Kf4 Bd7 43.Bc6  1/2-1/2

[Event "Spring op"]
[Site "Budapest"]
[Date "1990.??.??"]
[Round "6"]
[White "Vaulin, Alexander"]
[Black "Klostermann, Markus"]
[Result "1-0"]
[WhiteElo "2390"]
[BlackElo "2285"]

1.c4 f5 2.Nf3 Nf6 3.g3 g6 4.Bg2 Bg7 5.O-O O-O 6.d4 d6 7.Nc3 Qe8 8.b3 Na6
9.Bb2 c6 10.d5 Bd7 11.Rc1 Nc7 12.dxc6 bxc6 13.c5 Ne4 14.cxd6 exd6 15.Nd2 d5
16.Na4 Bxb2 17.Nxb2 Qe7 18.Na4 Rf6 19.e3 Raf8 20.Qc2 Ne6 21.Nf3 g5 22.Ne5 f4
23.Bxe4 dxe4 24.Qxe4 f3 25.Rfd1 Be8 26.Ng4 Rg6 27.Nc5 h5 28.Rd7 Bxd7 29.Qxg6+ Ng7
30.Nxd7 Qxd7 31.Nf6+ Kh8  1-0

[Event "Budapest IM-A"]
[Site "Budapest"]
[Date "1990.??.??"]
[Round "7"]
[White "Orso, Miklos"]
[Black "Biro, Sandor"]
[Result "1/2-1/2"]
[WhiteElo "2390"]
[BlackElo "2435"]

1.d4 f5 2.Nf3 Nf6 3.g3 g6 4.Bg2 Bg7 5.O-O O-O 6.c4 d6 7.Nc3 c6 8.Qc2 Qc7
9.b3 e5 10.dxe5 dxe5 11.Bb2 Be6  1/2-1/2

[Event "Budapest Herbstlich"]
[Site "Budapest"]
[Date "1990.??.??"]
[Round "9"]
[White "Blees, Albert"]
[Black "Knezevic, Milorad"]
[Result "0-1"]
[WhiteElo "2400"]
[BlackElo "2445"]

1.c4 f5 2.g3 Nf6 3.Bg2 g6 4.Nf3 Bg7 5.O-O O-O 6.d4 d6 7.Nc3 Nc6 8.d5 Na5
9.Qd3 e5 10.dxe6 Bxe6 11.b3 Nc6 12.Ba3 Ng4 13.Rad1 f4 14.Nd5 Bf5 15.Qd2 fxg3
16.hxg3 Bh6 17.Nf4 Be4 18.Bb2 Rf7 19.Ne6 Bxd2 20.Nxd8 Rxd8 21.Rxd2 Rff8 22.Bh3 Bf5
23.Nd4 Nxd4 24.Rxd4 Nf6 25.Bg2 b6 26.Rfd1 Rde8 27.e3 a5 28.Rf4 Nd7 29.Bc6 Re7
30.Kg2 Nc5 31.Kg1 Be4 32.Rxe4 Nxe4 33.Bd5+ Rff7 34.Rf1 Nd2 35.Rd1 Ne4 36.Rf1 Nd2
37.Rc1 Kf8 38.Bxf7 Rxf7 39.Kg2 Nf3 40.Bc3 h5 41.Rd1 Ke7 42.Rd3 g5 43.Rd5 c6
44.Rd1 g4 45.e4 Ke6 46.Rh1 Rh7 47.Kf1 Ng5 48.Bd4 c5 49.Bb2 Nxe4 50.Ke2 d5
51.cxd5+ Kxd5 52.Rd1+ Kc6 53.Ke3 Re7 54.Kf4 Nxf2 55.Rd2 Rf7+ 56.Ke5 Rf3 57.Ke6 Nd3  0-1

[Event "Cannes op"]
[Site "Cannes"]
[Date "1990.??.??"]
[Round "8"]
[White "Goldstein, Marc"]
[Black "De Sousa, Jose"]
[Result "1-0"]
[WhiteElo "2110"]
[BlackElo "1970"]

1.d4 f5 2.g3 Nf6 3.Bg2 g6 4.Nf3 Bg7 5.O-O O-O 6.c4 d6 7.Nc3 Qe8 8.b3 c6 9.Qd3 Na6
10.Ba3 h6 11.e4 fxe4 12.Nxe4 Nxe4 13.Qxe4 Bf5 14.Qe3 Qf7 15.Nh4 Nc7 16.Nxf5 gxf5
17.f4 Bf6 18.Rad1 Kh8 19.Qd3 Ne8 20.Kh1 Ng7 21.b4 Rac8 22.Rd2 Qe6 23.d5 Qd7
24.Bb2 Bxb2 25.Rxb2 c5 26.b5 Rce8 27.Re2 Rf7 28.Rfe1 Rf6 29.Qc3 Kh7 30.Re3 h5
31.R1e2 Qc7 32.Qe1 Rf7 33.Qc3 Qd8 34.Re1 Qc7 35.Bf1 Qd8 36.Bd3 Kg8 37.Bc2 Qb8
38.Ba4 b6 39.h3 Qc8 40.Bd1 Qd8 41.Bf3 Rf6 42.Kh2 Rh6 43.Qd2 Qd7 44.Qe2 Kf8
45.a4 Kf7 46.Re6 Rhh8 47.Qd3 Ref8 48.Qc3 Rh7 49.a5 Rb8 50.axb6 axb6 51.Ra1 Rhh8
52.Re2 Rb7 53.Rea2 Rhb8 54.Qd3 Qc8 55.Qe2 Qh8 56.Kg2 Qh6 57.Qe3 Qg6 58.Kh2 Rh8
59.Ra7 Rhb8 60.Ra8 Rxa8 61.Rxa8 Qf6 62.h4 Qb2+ 63.Kh3 Qc2 64.Bxh5+ Nxh5 65.Qe6+ Kg7
66.Rg8+  1-0

[Event "JUG-chT Cetinje"]
[Site "Cetinje"]
[Date "1990.??.??"]
[Round "3"]
[White "Dizdar, Goran"]
[Black "Nikolic, Zivoslav"]
[Result "1-0"]
[WhiteElo "2470"]
[BlackElo "2455"]

1.Nf3 f5 2.g3 Nf6 3.Bg2 g6 4.d4 Bg7 5.O-O O-O 6.c4 d6 7.Nc3 Nc6 8.d5 Na5
9.Qd3 e5 10.dxe6 Bxe6 11.b3 Nc6 12.Ba3 Nd7 13.Rad1 a5 14.Qe3 Re8 15.Ng5 Bf7
16.Nxf7 Kxf7 17.Qd2 Kg8 18.e4 Kh8 19.exf5 gxf5 20.Bb2 Qf6 21.Ba1 Nde5 22.Nd5 Qf7
23.Rfe1 Ng6 24.Bc3 f4 25.Bxg7+ Kxg7 26.gxf4 Rxe1+ 27.Rxe1 Rf8 28.Qc3+ Kg8
29.Re3 Qg7 30.Qxg7+ Kxg7 31.Nxc7 Nxf4 32.Ne6+ Nxe6 33.Rxe6 Rf6 34.Rxf6 Kxf6
35.Bxc6 bxc6 36.Kf1 Ke5 37.Ke2 Kd4 38.Kd2 h6 39.h3 h5 40.f3 h4 41.a3 d5 42.cxd5 cxd5
43.a4  1-0

[Event "JUG-chT Cetinje"]
[Site "Cetinje"]
[Date "1990.??.??"]
[Round "9"]
[White "Kelecevic, Nedeljko"]
[Black "Orlov, Pavle"]
[Result "1-0"]
[WhiteElo "2410"]
[BlackElo "2380"]

1.d4 f5 2.Nf3 Nf6 3.g3 g6 4.Bg2 Bg7 5.O-O O-O 6.c4 d6 7.Nc3 Nc6 8.d5 Na5
9.Qd3 c5 10.b3 Bd7 11.Rb1 b6 12.Ng5 Rb8 13.Bd2 Qc8 14.f4 Nb7 15.Rbe1 Nd8
16.e4 fxe4 17.Ngxe4 Nf7 18.Nf2 Re8 19.h3 a6 20.g4 b5 21.Nfe4 bxc4 22.bxc4 Nxe4
23.Rxe4 Rb2 24.Bc1 Rb4 25.Rfe1 Qd8 26.Nd1 Bf6 27.Bd2 Rb8 28.Kh1 g5 29.fxg5 Nxg5
30.R4e2 Kh8 31.h4 Nf7 32.g5 Bd4 33.Bc3 Bxc3 34.Qxc3+ Kg8 35.Nf2 Ne5 36.Nd3 Ng6
37.h5 Nh4 38.Be4 Nf5 39.Bxf5 Bxf5 40.Nf4  1-0

[Event "Chartres op"]
[Site "Chartres"]
[Date "1990.??.??"]
[Round "3"]
[White "Dussol, Pierre"]
[Black "Rubene, Ilze"]
[Result "1-0"]
[WhiteElo "2260"]
[BlackElo "2130"]

1.d4 f5 2.Nf3 Nf6 3.g3 g6 4.Bg2 Bg7 5.O-O O-O 6.c4 d6 7.Nc3 Qe8 8.b3 h6 9.Bb2 c6
10.Qc2 Na6 11.Rad1 g5 12.a3 e5 13.dxe5 dxe5 14.e3 e4 15.Nd4 Nc5 16.b4 Ncd7
17.Nxf5 Ne5 18.Nxg7 Kxg7 19.Nxe4 Bg4 20.Nxf6 Rxf6 21.f3  1-0

[Event "Chartres op"]
[Site "Chartres"]
[Date "1990.??.??"]
[Round "6"]
[White "Andruet, Gilles"]
[Black "Avshalumov, Alex"]
[Result "1-0"]
[WhiteElo "2355"]
[BlackElo "2450"]

1.d4 f5 2.c4 Nf6 3.g3 g6 4.Bg2 Bg7 5.Nf3 O-O 6.O-O d6 7.Nc3 Nc6 8.d5 Ne5
9.Nxe5 dxe5 10.Qb3 h6 11.Rd1 g5 12.c5 Kh8 13.Bd2 e4 14.f3 exf3 15.exf3 Nd7
16.f4 Nxc5 17.Qc4 b6 18.fxg5 Ba6 19.Qh4 Nd3 20.Ne2 Qd6 21.Bc3 Rg8 22.Bxg7+ Rxg7
23.Qxh6+ Qxh6 24.gxh6 Rgg8 25.Rd2 Raf8 26.Rad1 Nc5 27.Nf4 Rf6 28.Re1 Re8
29.Bf3 Rxh6 30.Bh5 Rxh5 31.Nxh5 Ne4 32.Rc2 Rc8 33.Nf4 Kg8 34.Rec1 c5 35.dxc6 Kf7
36.Rd1 Bb5 37.Rd7 a5 38.Nd5 Ke6 39.Nxb6 Rxc6 40.Rxc6+ Bxc6 41.Ra7 a4 42.Nxa4 Kd6
43.Nc3 Ng5  1-0

[Event "Dieren op"]
[Site "Dieren"]
[Date "1990.??.??"]
[Round "4"]
[White "Dekker, Andries"]
[Black "Klip, Hans"]
[Result "1-0"]
[WhiteElo "2240"]
[BlackElo "2305"]

1.d4 f5 2.c4 Nf6 3.g3 g6 4.Bg2 Bg7 5.Nf3 O-O 6.O-O d6 7.Nc3 Nc6 8.d5 Ne5
9.Nd2 a5 10.b3 Bd7 11.Bb2 g5 12.c5 dxc5 13.Na4 Bxa4 14.Bxe5 Be8 15.Rc1 b6
16.Nc4 Rc8 17.Qd2 h6 18.Qb2 Bb5 19.Rcd1 Bxc4 20.bxc4 Qe8 21.f4 Qh5 22.Bf3 Qg6
23.Kh1 g4 24.Bg2 h5 25.Kg1 Ne8 26.Qc2 Nd6 27.Rde1 Ne4 28.Bxg7 Kxg7 29.Bxe4 fxe4
30.e3 Qf5 31.Qb2+ Kg6 32.Rd1 Rcd8 33.Rd2 Qf6 34.Qc2 Kf5 35.Rfd1 Rd6 36.Kg2 Rfd8
37.Kf2 h4 38.Rg1 c6 39.h3 Rg8 40.Qd1 hxg3+ 41.Rxg3 Qh4 42.dxc6 Rgd8 43.Rd5+ Rxd5
44.cxd5 gxh3 45.c7 Rg8 46.c8=Q+ Rxc8 47.Qa1  1-0

[Event "Dornbirn op"]
[Site "Dornbirn"]
[Date "1990.??.??"]
[Round "?"]
[White "Novkovic, Milan"]
[Black "Topalov, Veselin"]
[Result "1/2-1/2"]
[WhiteElo "2380"]
[BlackElo "2495"]

1.Nf3 f5 2.d4 Nf6 3.g3 g6 4.Bg2 Bg7 5.O-O O-O 6.c4 d6 7.Nc3 c6 8.Rb1 Qe8
9.d5 Na6 10.dxc6 bxc6 11.b4 Bd7 12.a3 c5 13.b5 Nc7 14.e4 Nxe4 15.Nxe4 fxe4
16.Ng5 d5 17.cxd5 Nxb5 18.Bb2 Nd4 19.Nxe4 Bf5 20.Nxc5 Rb8 21.Nd3 Qb5 22.Bxd4 Qxb1
23.Qxb1 Rxb1 24.Rxb1 Bxd4 25.Rb4 Bb6 26.Be4 Bxe4 27.Rxe4 Rf3 28.Nb4 Rxf2
29.Kh1 Bc5 30.Nd3 Rf1+ 31.Kg2 Rg1+ 32.Kf3 Bxa3 33.Ra4 Bd6 34.Rxa7 Rd1 35.Ke3 h5  1/2-1/2

[Event "Dortmund-C"]
[Site "Dortmund"]
[Date "1990.??.??"]
[Round "?"]
[White "Drazic, Sinisa"]
[Black "Konikowski, Jerzy"]
[Result "1/2-1/2"]
[WhiteElo "2310"]
[BlackElo "2360"]

1.d4 f5 2.Nf3 Nf6 3.g3 g6 4.Bg2 Bg7 5.O-O O-O 6.c4 d6 7.Nc3 Qe8 8.b3 Na6
9.Bb2 c6 10.d5 Bd7 11.Nd4 Nc7 12.b4 e5 13.dxe6 Nxe6 14.Nb3 Rd8 15.Na5 Bc8
16.Rb1 Qe7 17.b5 c5 18.Nd5 Nxd5 19.cxd5 Ng5 20.b6 axb6 21.Bxg7 Kxg7 22.Rxb6 f4
23.Qd2 fxg3 24.hxg3 Kg8 25.f3 Rf7 26.Rfb1 Rd7 27.Nc4 h6 28.Qd3 Rd8 29.R1b2 Rg7
30.Qe3 Qf8 31.a4 Rc7 32.a5 Nf7 33.Qf4 Qe7 34.Kf2 Kg7 35.R2b3 g5 36.Qc1 Qf6
37.Qb2 Qd4+ 38.e3 Qxb2+ 39.Rxb2 Kf8 40.g4 Re7 41.Kg3 Kg7 42.Bf1 Ree8 43.Rb1 h5
44.gxh5 Rh8 45.R1b2 Rxh5 46.Rh2 Rxh2 47.Kxh2 Kf6 48.Kg3 Ke7 49.Bh3 Bxh3 50.Kxh3 Rd7
51.Kg4 Kf6 52.Kg3 Ke7 53.Kf2 Kf6 54.Ke2 Kf5 55.Kf2 g4 56.fxg4+ Kxg4  1/2-1/2